000
00246nam a2200109Ia 4500
008
200302s9999 xx 000 0 und d
100
_a
Dmund N Bacon
245
_a
design of cities
260
_b
Thames and Hudson
260
_c
1910
300
_a
336 P.,
999
_c
133
_d
133